| 000 | 00659nam a2200205Ia 4500 | ||
|---|---|---|---|
| 008 | 191130s2005##################000#0#eng## | ||
| 020 | _a9780333947722 | ||
| 022 | _a2005049755 | ||
| 040 |
_aACL _cACL |
||
| 082 | _a320.54 OZK | ||
| 100 | _aÖzkırımlı, Umut | ||
| 245 |
_aContemporary debates on nationalism : a critical engagement _cUmut Özkirimli |
||
| 260 |
_aBasingstoke, Hampshire ; New York _bPalgrave Macmillan _cc2005 |
||
| 300 | _axii, 227 p. ; 23 cm | ||
| 500 | _aIncludes bibliographical references (p. 206-221) and index | ||
| 650 | _aNationalism | ||
| 990 | _a66067cb6ac10000c3dd2626bb9ec97b9 | ||
| 991 | _a179562 | ||
| 999 |
_c138030 _d138030 |
||